The tragedy of Othello: The Moore of Venice

Bewaard in:
Bibliografische gegevens
Hoofdauteur: Shakespeare, William
Formaat: Boek
Taal:Undetermined
Gepubliceerd in: New York, Estados Unidos Washington Square Press 1971
Onderwerpen:
Tags: Voeg label toe
Geen labels, Wees de eerste die dit record labelt!

MARC

LEADER 00000nam a2200000Ia 4500
008 170316s9999 xx 000 0 und d
999 |c 22565  |d 22565 
040 |a cru BVZT 
090 |a 820 S-5ot 
100 |a Shakespeare, William 
245 4 |a The tragedy of Othello: The Moore of Venice 
260 |a New York, Estados Unidos 
260 |b Washington Square Press 
260 |c 1971 
300 |a 128 páginas 
650 |a LITERATURA INGLESA  |9 12 
942 |c 15 D  |h 820 S-5ot  |2 z